Reshami rassiyan (Record no. 360743)

MARC details
000 -LEADER
fixed length control field 00456nam a22001937a 4500
003 - CONTROL NUMBER IDENTIFIER
control field 0
005 - DATE AND TIME OF LATEST TRANSACTION
control field 20260412174647.0
020 ## - INTERNATIONAL STANDARD BOOK NUMBER
ISBN 9789384012151
082 ## - DEWEY DECIMAL CLASSIFICATION NUMBER
Classification number CS 891.431 KHA
100 ## - MAIN ENTRY--AUTHOR NAME
Personal name Khandelwal, Dheera
245 ## - TITLE STATEMENT
Title Reshami rassiyan
260 ## - PUBLICATION, DISTRIBUTION, ETC. (IMPRINT)
Place of publication Kolkata
Name of publisher Pratishruti Prakashan
Year of publication 2021
300 ## - PHYSICAL DESCRIPTION
Number of Pages 120
650 ## - SUBJECT ADDED ENTRY--TOPICAL TERM
Topical Term Hindi Poems
9 (RLIN) 18849
942 ## - ADDED ENTRY ELEMENTS (KOHA)
Koha item type Donated Books
Holdings
Lost status Home library Current library Date acquired Cost, normal purchase price Full call number Accession Number Koha item type Public Note
  Gandhi Smriti Library Gandhi Smriti Library 2026-04-12 220.00 CS 891.431 KHA 173439 Donated Books 220.00
  Gandhi Smriti Library Gandhi Smriti Library 2026-04-12 220.00 CS 891.431 KHA 173440 Donated Books 220.00

Powered by Koha